| 000 | 00495 a2200193 4500 | ||
|---|---|---|---|
| 005 | 20260116160414.0 | ||
| 008 | 260116b |||||||| |||| 00| 0 eng d | ||
| 020 |
_a9781835350553 _c£ 155.00 |
||
| 040 | _aMAIN | ||
| 082 |
_a363.25 _bC334F |
||
| 100 | _aCeraudo M | ||
| 245 | _aForensic chemistry: Basic principles | ||
| 260 |
_bED-Tech Press _c2025 _aLondon |
||
| 300 | _ax, 288 | ||
| 650 | _aForensic Science | ||
| 650 | _aToxicology | ||
| 650 | _aCriminal Investigation | ||
| 942 | _cBK | ||
| 999 |
_c394432 _d394432 |
||